Sports Quiz

Random Sports or NFL Quiz

NFL Single Season Passing TDs (1970s) Quiz Stats

 Plays Quiz not verified by Sporcle

Support Sporcle.
Go Orange.
Score 0/54 Timer 20:00
0 Plays Today
Year Player % Correct
1972Fran Tarkenton
94.9%
1970Fran Tarkenton
93.3%
1975Fran Tarkenton
93.3%
1978Fran Tarkenton
93.3%
1973Roger Staubach
92.3%
1974Joe Namath
92.3%
1977Terry Bradshaw
92.3%
1978Roger Staubach
92.3%
1979Terry Bradshaw
92.3%
1972Joe Namath
91.1%
1974Ken Stabler
91.1%
1976Ken Stabler
91.1%
1977Ken Stabler
91.1%
1977Roger Staubach
91.1%
1978Terry Bradshaw
91.1%
1979Roger Staubach
91.1%
1979Ken Stabler
91.1%
1977Ron Jaworski
89.7%
1971Bob Griese
88.9%
1973Ken Anderson
88.9%
1974Ken Anderson
88.9%
1975Ken Anderson
88.9%
1976Ken Anderson
88.9%
1977Bob Griese
88.9%
1978Dan Fouts
88.9%
1972Daryle Lamonica
87.2%
1970Daryle Lamonica
86.7%
Year Player % Correct
1972Archie Manning
86.7%
1978Brian Sipe
86.7%
1979Brian Sipe
86.7%
1971Jim Plunkett
84.6%
1976Steve Grogan
84.6%
1977Steve Grogan
84.6%
1979Steve Grogan
84.6%
1974Jim Hart
84.4%
1975Jim Hart
84.4%
1976Jim Hart
84.4%
1970John Brodie
82.2%
1971John Hadl
82.2%
1971John Brodie
82.2%
1973John Hadl
82.2%
1974Jim Plunkett
82.2%
1970John Hadl
82.1%
1971Roman Gabriel
80%
1973Roman Gabriel
80%
1977Bert Jones
80%
1976Bert Jones
77.8%
1975Joe Ferguson
76.9%
1975Billy Kilmer
75.6%
1972Billy Kilmer
74.4%
1970Sonny Jurgensen
73.3%
1972Greg Landry
66.7%
1973Charley Johnson
62.2%
1972Steve Spurrier
51.3%

You're not logged in!

Compare scores with friends on all Sporcle quizzes.
OR
Log In

From the Vault

30 in 60: Albums

by RobPro

You gotta move fast, even for the slow albums.
Remove Ads.
Support Sporcle.
Get the best of Sporcle when you Go Orange. This ad-free experience offers more features, more stats, and more fun while also helping to support Sporcle. Thank you for becoming a member.

Show Comments

Extras

Created Feb 18, 2020ReportNominate
Tags:NFL Quiz

Top Quizzes Today


Score Distribution

Your Account Isn't Verified!

In order to create a playlist on Sporcle, you need to verify the email address you used during registration. Go to your Sporcle Settings to finish the process.

Report this User

Report this user for behavior that violates our Community Guidelines.

Details: